Szczegóły MARC21

Lifelong learning w wersji short z doświadczeń uniwersytetu dziecięcego /

003 -Nazwa inst., której nr kontr. jest w polu 001 [,]
    • @
    • Nazwa instytucji, której n kontrolny jest w polu 001
    • NUKAT
005 -DATA I CZAS OSTATNIEJ MODYFIKACJI [,]
    • @
    • pole kontrolne
    • 20241231095657.0
020 -Międzynarod. znormalizowany nr książki - ISBN [ , ]
    • a
    • Numer ISBN
    • 9788379724093 Find
040 -Instytucja sporządzająca opis [ , ]
    • a
    • Instytucja, która sporządziła opis (NP)
    • SZCZ U/ML
    • b
    • Język katalogowania
    • pol
    • e
    • Zasady katalogowania
    • rda
    • c
    • Instytucja, która sporządziła rekord (NP)
    • SZCZ U/MLs
    • d
    • Instytucja, która zmodyfikowała rekord (P)
    • POZN U/KaKs
    • d
    • Instytucja, która zmodyfikowała rekord (P)
    • WA 14/KS
041 -Język dokumentu [0, ]
    • a
    • Język tekstu (P)
    • polski
    • b
    • Język streszczeń lub abstraktu (P)
    • angielski
942 -Rodzaj dokumentu [ , ]
    • c
    • Rodzaj dokumentu
    • Książka
100 -Hasło główne - nazwa osobowa [1, ]
    • a
    • Nazwa osobowa (NP)
    • Pluskota, Przemysław.
    • e
    • Rodzaj współpracy
    • Autor
    • 9
    • KHW
    • 65366
245 -Strefa tytułu i oznaczenia odpowiedzialności [1,0]
    • a
    • Tytuł
    • Lifelong learning w wersji short z doświadczeń uniwersytetu dziecięcego / Find
    • c
    • Pozostałe elementy strefy tytułu i oznaczenia odpowiedzialności (NP)
    • Przemysław Pluskota, Joanna Rzempała, Małgorzata Skweres-Kuchta.
250 -Strefa wydania [ , ]
    • a
    • Oznaczenie wydania (NP)
    • Wydanie I.
260 -Strefa adresu wydawniczego [ , ]
    • a
    • Miejsce wydania (P)
    • Szczecin :
    • b
    • Nazwa wydawcy (P)
    • Wydawnictwo Naukowe Uniwersytetu Szczecińskiego,
    • c
    • Data wydania (P)
    • 2020.
300 -Strefa opisu fizycznego [ , ]
    • a
    • Określenie formy książki i/lub objętość (NP)
    • 97, [8] stron :
    • b
    • Oznaczenie ilustracji (NP)
    • ilustracje ;
    • c
    • Format (NP)
    • 24 cm.
336 -Typ zawartości [ , ]
    • a
    • Termin opisujący typ zawartości
    • Tekst
    • b
    • Kod określający zawartość
    • txt
    • 2
    • Źródło (terminu i kodu)
    • rdacontent
337 -Typ mediów [ , ]
    • a
    • Tryb odtwarzania
    • Bez urządzenia pośredniczącego
    • b
    • Kod typu mediów
    • n
    • 2
    • Źródło (terminu i kodu)
    • rdamedia
338 -Typ/rodzaj nośnika [ , ]
    • a
    • Hasło opisujące typ nośnika
    • Wolumin
    • b
    • Kod typu nośnika
    • nc
    • 2
    • Źródło (terminu i kodu)
    • rdacarrier
380 -Deskryptor - Forma dzieła (P) [ , ]
    • a
    • forma dzieła (NP)
    • Książki
380 -Deskryptor - Forma dzieła (P) [ , ]
    • a
    • forma dzieła (NP)
    • Publikacje naukowe
388 -Deskryptor - czas powstania dzieła (P) [1, ]
    • a
    • Czas powstania dzieła (NP)
    • 2001-
490 -Strefa serii i książki wielotomowej - forma nie do wyszukiwania [1, ]
    • a
    • Tytuł (P)
    • Rozprawy i Studia - Uniwersytet Szczeciński, Find
    • x
    • ISSN (NP)
    • 0860-2751 ;
    • v
    • Numeracja (P)
    • (1235) 1161
830 -Hasło dodatkowe serii i opisu książki wielotomowej - tytuł ujednolicony/tytuł [ ,0]
    • a
    • Tytuł ujednolicony/tytuł (NP)
    • Rozprawy i Studia - Uniwersytet Szczeciński
    • x
    • ISSN
    • 0860-2751
    • v
    • Oznaczenie tomu (NP)
    • (1235) 1161
    • 9
    • KHW
    • 700
504 -Uwaga dot. bibliogr. załącznikowej [ , ]
    • a
    • Uwaga dot. bibliografii załącznikowej
    • Bibliografia na stronach 93-97.
536 -Uwaga dot. finansowania książki [ , ]
    • a
    • Tekst uwagi
    • Projekt finansowany w ramach programu Ministra Nauki i Szkolnictwa Wyższego pod nazwą "Regionalna Inicjatywa Doskonałości" w latach 2019-2022
    • d
    • Numer programu, zadania, pracy
    • 001/RID/2018/19
546 -Uwaga dot. języka [ , ]
    • a
    • Uwaga dot. języka
    • Streszczenie w języku angielskim.
610 -Hasło przedmiotowe w formie nazwy ciała zbiorowego [2,7]
    • a
    • Nazwa ciała zbiorowego lub nazwa geograficzna
    • Ekonomiczny Uniwersytet Dziecięcy.
    • 2
    • Źródło terminu
    • kaba
    • 9
    • KHW
    • 595718
650 -Hasło przedmiotowe [ ,7]
    • a
    • Hasło przedmiotowe
    • Kwalifikacje zawodowe.
    • 2
    • Źródło terminu
    • kaba
    • 9
    • KHW
    • 116515
650 -Hasło przedmiotowe [ ,7]
    • a
    • Hasło przedmiotowe
    • Edukacja permanentna
    • x
    • Określnik rzeczowy
    • badania.
    • 2
    • Źródło terminu
    • kaba
    • 9
    • KHW
    • 590019
650 -Hasło przedmiotowe [ ,7]
    • a
    • Hasło przedmiotowe
    • Wychowanie dzieci.
    • 2
    • Źródło terminu
    • kaba
    • 9
    • KHW
    • 136549
650 -Hasło przedmiotowe [ ,7]
    • a
    • Hasło przedmiotowe
    • Dzieci
    • x
    • Określnik rzeczowy
    • finanse osobiste.
    • 2
    • Źródło terminu
    • kaba
    • 9
    • KHW
    • 595715
650 -Hasło przedmiotowe [ ,7]
    • a
    • Hasło przedmiotowe
    • Ekonomia
    • x
    • Określnik rzeczowy
    • studia i nauczanie
    • z
    • Określnik geograficzny
    • Polska
    • z
    • Określnik geograficzny
    • Szczecin
    • y
    • Określnik chronologiczny
    • 1990-.
    • 2
    • Źródło terminu
    • kaba
    • 9
    • KHW
    • 595717
650 -Hasło przedmiotowe [ ,7]
    • a
    • Hasło przedmiotowe
    • Dzieci
    • 2
    • Źródło terminu
    • DBN
    • 9
    • KHW
    • 722377
650 -Hasło przedmiotowe [ ,7]
    • a
    • Hasło przedmiotowe
    • Edukacja ekonomiczna
    • 2
    • Źródło terminu
    • DBN
650 -Hasło przedmiotowe [ ,7]
    • a
    • Hasło przedmiotowe
    • Kształcenie ustawiczne
    • 2
    • Źródło terminu
    • DBN
    • 9
    • KHW
    • 744049
650 -Hasło przedmiotowe [ ,7]
    • a
    • Hasło przedmiotowe
    • Uniwersytety dziecięce
    • 2
    • Źródło terminu
    • DBN
    • 9
    • KHW
    • 733770
650 -Hasło przedmiotowe [ ,7]
    • a
    • Hasło przedmiotowe
    • Wychowanie pozaszkolne
    • 2
    • Źródło terminu
    • DBN
    • 9
    • KHW
    • 739192
651 -Hasło przedmiotowe w formie nazwy geograficznej [ ,7]
    • a
    • Nazwa geograficzna
    • Szczecin (woj. zachodniopomorskie)
    • 2
    • Źródło terminu
    • DBN
    • 9
    • KHW
    • 721822
655 -Hasło w funkcji tematu formalnego [ ,7]
    • a
    • Hasło
    • Opracowanie
    • 2
    • Źródło terminu
    • DBN
    • 9
    • KHW
    • 721206
655 -Hasło w funkcji tematu formalnego [ ,7]
    • a
    • Hasło
    • Raport z badań
    • 2
    • Źródło terminu
    • DBN
    • 9
    • KHW
    • 722387
658 -Ujęcie treści [ , ]
    • a
    • dziedzina nauki i sztuki/ sfera aktywności życiowej
    • Edukacja i pedagogika
658 -Ujęcie treści [ , ]
    • a
    • dziedzina nauki i sztuki/ sfera aktywności życiowej
    • Gospodarka, ekonomia, finanse
700 -Hasło dodatkowe - nazwa osobowa [1, ]
    • a
    • Nazwa osobowa (NP)
    • Rzempała, Joanna. Find
    • e
    • Określenie rodzaju współpracy
    • Autor
    • 9
    • KHW
    • 90621
700 -Hasło dodatkowe - nazwa osobowa [1, ]
    • a
    • Nazwa osobowa (NP)
    • Skweres-Kuchta, Małgorzata. Find
    • e
    • Określenie rodzaju współpracy
    • Autor
    • 9
    • KHW
    • 40800
710 -Hasło dodatkowe - nazwa ciała zbiorowego [2, ]
    • a
    • Nazwa ciała zbiorowego lub nazwa geograficzna jako pierwszy element (NP)
    • Uniwersytet Szczeciński.
    • b
    • Nazwa jednostki podrzędnej (P)
    • Wydawnictwo Naukowe.
    • e
    • Rodzaj współpracy
    • Wydawca
    • 4
    • Kod relacji
    • pbl
    • 9
    • KHW
    • 51208
920 -ISBN [ , ]
    • a
    • ISBN
    • 978-83-7972-409-3 Find
Numer inwentarzowy Status udost. Data inwentaryzacji Lokalizacja Sygnatura
Z.12457412021-03-04BG 
T.21123-22021-03-04TT.21123